| 000 | 00516nam a2200181 4500 | ||
|---|---|---|---|
| 003 | OSt | ||
| 005 | 20240626020556.0 | ||
| 006 | a | ||
| 008 | 240626b |||||||| |||| 00| 0 eng d | ||
| 040 |
_aDWCL-Main lib. _cOC |
||
| 082 | _aCirc. 305.48697 Az995w 2011 | ||
| 100 | _aAzim, Sherif Abdel | ||
| 245 | _aWoman in Islam : the myth and the reality / | ||
| 260 |
_aEgypt : _bConveying Islamic Message Society, _cc2011. |
||
| 300 |
_b95 p. ; _c19 cm. |
||
| 650 | _a1. Muslim women. | ||
| 942 |
_2ddc _n0 _cBK-CIRC _kCirc. |
||
| 999 |
_c1361 _d1361 |
||